000 00851nam a22002531u 4500
001 06206
003 HDC
007 cr cn ---aaaaa
008 210123p2007 my ||||| |||| 00| 0 eng
040 _aHDC
245 0 _aSME Annual Report 2007. Chapter 6:
_bStrengthening the Enabling Infrastructure
260 _a[No place] :
_b[publisher not identified] ,
_c2007
300 _a14 pages
336 _atext
_2rdacontent
337 _acomputer
_2rdamedia
338 _aonline resource
_2rdacarrier
500 _aIncludes bibliographical references
650 _aInfrastructure
_96525
650 _aSME sector
_96488
856 _zRequest full-text at [email protected]
942 _2lcc
942 _cEIS
942 _kAREP 000040
999 _c3530
_d3530